Meaning in history : W. Dilthey's thoughts on history and society /

محفوظ في:

المؤلف الرئيسي: Dilthey, Wilhelm, 1833-1911 (مؤلف)

مؤلفون آخرون: Rickman, H. P.

التنسيق: كتاب

اللغة: English

منشور في: London : Allen and Unwin, [1961].

الموضوعات:

الوسوم: إضافة وسم

لا توجد وسوم, كن أول من يضع وسما على هذه التسجيلة!

رقم الطلب: D16.8 .D49 1961

LEADER 00689namaa2200217 4500
001 21058
003 OSt
005 20251118141910.0
008 130303s1961 enk 000 0 eng d
010 |a 62003877 
040 |c ARCE Library 
050 4 |a D16.8 .D49 1961 
100 1 |a Dilthey, Wilhelm,  |d 1833-1911,  |e author  |9 29045 
245 1 0 |a Meaning in history :  |b W. Dilthey's thoughts on history and society /  |c Wilhelm Dilthey ; Edited and introduced by H.P. Rickman. 
264 1 |a London :  |b Allen and Unwin,  |c [1961]. 
300 |a 170 pages ;  |c 21 cm. 
650 0 |a History  |x Philosophy. 
700 1 |a Rickman, H. P.,   |q (Hans Peter)  |9 38453 
901 |a reviewed 
942 |c BK  |2 lcc 
999 |c 18306  |d 18306